000 00823nam a22002537a 4500
001 43789
003 UA-OsUOA
005 20200911125324.0
007 ta
008 20091105b un ||||| |||| 00| 0 ukr d
040 _aUA-OsUOA
_bukr
_cUA-OsUOA
_dUA-OsUOA
041 _aukr
080 _a09.-061
090 _a09.-061
_bГ15
100 _aГаличин Д.
245 _aПідручник для відділових урядників та організаторів Українського Народного Союза
260 _aДжерзі
_bУНС
_c1935
300 _a63 с.
650 7 _a0 Загальний відділ.
_2UDC
942 _cBK
_2udc
955 _a2
999 _c442263
_d442263